|
|
|
|
| LEADER |
00000cam a2200000 7i4500 |
| 001 |
0000087451 |
| 005 |
20230125154728.0 |
| 008 |
220221 |
| 020 |
|
|
|a 9789671826072
|
| 041 |
0 |
|
|a Malay
|
| 090 |
0 |
0 |
|a MAS
|b MAL
|
| 100 |
0 |
|
|a Maszlee Malik
|
| 245 |
1 |
0 |
|a Be eshme elohim :
|b Sang penuntun hati
|c Maszlee Malik
|
| 260 |
|
|
|a Selangor :
|b JT Books PLT ,
|c 2021
|
| 300 |
|
|
|a 228 p. ;
|c 20 cm.
|
| 541 |
|
|
|c Purchased on 2021
|f INV 2109 JAD
|h RM28.00
|
| 650 |
|
0 |
|a Malay fiction
|
| 700 |
0 |
|
|a Title
|
| 999 |
|
|
|a 0001672371
|b Book
|c Adult Collection
|e Perbadanan Perpustakaan Awam Johor
|
| 999 |
|
|
|a 0001672372
|b Book
|c Adult Collection
|e Cawangan AEON Kulaijaya
|
| 999 |
|
|
|a 0001672373
|b Book
|c Adult Collection
|e Perbadanan Perpustakaan Awam Johor
|
| 999 |
|
|
|a 0001672374
|b Book
|c Adult Collection
|e Cawangan Urban Transformation Centre
|
| 999 |
|
|
|a 0001672597
|b Book
|c Children Collection
|e Cawangan Taman Universiti
|
| 999 |
|
|
|a 0001672598
|b Book
|c Adult Collection
|e Cawangan Muar
|
| 999 |
|
|
|a 0001672599
|b Book
|c Adult Collection
|e Cawangan Kota Tinggi
|
| 999 |
|
|
|a 0001672600
|b Book
|c Adult Collection
|e Cawangan Tmn. Ungku Tun Aminah
|
| 999 |
|
|
|a 0001672601
|b Book
|c Adult Collection
|e Cawangan Batu Pahat
|
| 999 |
|
|
|a 0001672602
|b Book
|c Adult Collection
|e Cawangan Pontian
|
| 999 |
|
|
|a 0001672603
|b Book
|c Adult Collection
|e Cawangan Bandar Tenggara
|
| 999 |
|
|
|a 0001672604
|b Book
|c Adult Collection
|e Cawangan Segamat
|
| 999 |
|
|
|a 0001672605
|b Book
|c Adult Collection
|e Cawangan Tangkak
|
| 999 |
|
|
|a 0001672606
|b Book
|c Adult Collection
|e Cawangan Bukit Gambir
|
| 999 |
|
|
|a 0001672608
|b Book
|c Adult Collection
|e Cawangan Bandar Penawar
|
| 999 |
|
|
|a 0001672609
|b Book
|c Adult Collection
|e Cawangan Taman Sri Lambak
|
| 999 |
|
|
|a 0001672610
|b Book
|c Adult Collection
|e Cawangan Mersing
|